000 00408nam a2200157Ia 4500
008 210210b1991 xxu||||| |||| 00| 0 eng d
082 _a574.03 MARM
100 _aMARTIN (E A),Ed.
245 _aMacmillan dictionary of life science. Ed 2.
250 _a
260 _aLondon
_bMacmillan & Co. Ltd.
_c1991
300 _axxii,396
650 _aDictionary Biology
690 _aDictionaries
906 _a049801
999 _c98326
_d98326